| 000 | 01266nam a2200289 i 4500 | ||
|---|---|---|---|
| 001 | 101773 | ||
| 003 | ES-MaACL | ||
| 005 | 20260326133358.0 | ||
| 007 | t| | ||
| 008 | 160920s1806 sp ||||1| spa d | ||
| 100 | 1 |
_aArgote, Simón de. _9160931 |
|
| 245 | 1 | 0 |
_aNuevos paseos historicos, artisticos, economico-politicos, por Granada y sus contornos / _c[refundidos y aumentados por Simon de Argote]. |
| 260 |
_aGranada : _ben la Imprenta de D. Francisco Gomez Espinosa de los Monteros ..., _c[1806?] |
||
| 300 |
_a2 v. ([4], 300 ; 123, 197 p.) ; _c15 cm. |
||
| 500 | _aSolo el vol. II, datos conpletados de la B. N. | ||
| 510 | 3 |
_aAguilar Piñal. Bib. S.XVIII, _cv. 1, 2395 |
|
| 530 | _aDisponible en formato digital. | ||
| 594 | _aEl autor consta en la pág. 3 del tomo I. | ||
| 594 | _aEl refundidor consta al final de la dedicatoria. | ||
| 596 | _aFecha tomada de Aguilar Piñal. | ||
| 651 | 4 |
_aGranada- _xDescripción. _98768 |
|
| 700 | 1 |
_aVelázquez de Echeverría, Juan. _9160932 |
|
| 852 |
_aES-MaACL _j1481-F-16 _cDEPOF _zRevisado enlace: 25 Marzo 2025. _9105572 _xEjemplar sin cubierta |
||
| 856 | 4 |
_uhttp://bdh-rd.bne.es/viewer.vm?id=0000010604&page=1 _yBiblioteca Digital Hispánica |
|
| 942 | _2udc | ||
| 999 |
_c101773 _d101773 |
||